Adelantos de la siderurgia y de los transportes mineros en el norte de España / (Record no. 44422)

MARC details
000 -LEADER
campo de control de longitud fija 00668nam a2200193 i 4500
001 - NÚMERO DE CONTROL
campo de control 44422
003 - IDENTIFICADOR DE NÚMERO DE CONTROL
campo de control ES-MaACL
005 - FECHA Y HORA DE LA ÚLTIMA TRANSACCIÓN
campo de control 20230906161027.0
007 - CAMPO FIJO DE DESCRIPCIÓN FÍSICA--INFORMACIÓN GENERAL
campo de control de longitud fija t|
008 - DATOS DE LONGITUD FIJA--INFORMACIÓN GENERAL
campo de control de longitud fija 030321s1900 sp ||||1| spa d
080 ## - NÚMERO DE LA CLASIFICACIÓN DECIMAL UNIVERSAL
Número de la Clasificación Decimal Universal 669.14(460)
100 1# - ENTRADA PRINCIPAL--NOMBRE DE PERSONA
Nombre de persona Clemencin, Perfecto Maria.
9 (RLIN) 39173
245 10 - MENCIÓN DEL TÍTULO
Título Adelantos de la siderurgia y de los transportes mineros en el norte de España /
Mención de responsabilidad, etc. por Perfecto María Clemencín y Jesús M: Buitrago.
260 ## - PUBLICACIÓN, DISTRIBUCIÓN, ETC.
Lugar de publicación, distribución, etc. Madrid :
Nombre del editor, distribuidor, etc. [s.n.,
Fecha de publicación, distribución, etc. 1900] (
Fabricante Imp. de San Francisco de Sales)
300 ## - DESCRIPCIÓN FÍSICA
Extensión XVI, 369 p., 61 lám. ;
Dimensiones 26 cm.
650 #4 - PUNTO DE ACCESO ADICIONAL DE MATERIA--TÉRMINO DE MATERIA
Término de materia o nombre geográfico como elemento de entrada Acero-
Subdivisión general Metalurgia.
9 (RLIN) 164963
700 1# - ENTRADA AGREGADA--NOMBRE PERSONAL
Nombre de persona Buitrago, Jesús M.
9 (RLIN) 32471
852 4# - LOCALIZACIÓN
Ubicación ES-MaACL
Número de control de estantería G-10174
Holdings
Estatus retirado Estado de pérdida Estado de daño No para préstamo Colección Biblioteca de origen Biblioteca actual Ubicación en estantería Fecha de adquisición Fuente de adquisición Total de préstamos Signatura topográfica completa Código de barras Visto por última vez Precio de reemplazo Tipo de ítem Koha
        Libros del s. XIX Biblioteca del Ateneo de Madrid Biblioteca del Ateneo de Madrid Sala Pecera Planta 3 17/01/2008     G-10174 1046747 23/02/2023 23/02/2023 Libro impreso antiguo